| 000 | 00629nam a22001937a 4500 | ||
|---|---|---|---|
| 003 | OSt | ||
| 005 | 20250822034408.0 | ||
| 008 | 250822b |||||||| |||| 00| 0 eng d | ||
| 020 | _a978-0-470-08480-9 | ||
| 040 |
_aDWCL-Main lib _cOC |
||
| 082 | _aCirc. 647.94068 H417h 2009 | ||
| 100 | _aHayes, David K. | ||
| 245 |
_aHuman resources managemnt in the hospitality industry/ _cDavid K. Hayes |
||
| 260 |
_a N. J. : _bJohn Wiley & Sons, Inc., _cc2009. |
||
| 300 |
_axiii, 490 p. : _b: ill. ; _c 24 cm. |
||
| 504 | _aIncludes index. | ||
| 650 | _a1. Hospitality industry-Personnel management. | ||
| 942 |
_2ddc _cBK-CIRC _kCirc. _n0 |
||
| 999 |
_c4165 _d4165 |
||